| 000 | 00469nam a22001697a 4500 | ||
|---|---|---|---|
| 999 |
_c524124 _d524124 |
||
| 003 | NUST | ||
| 038 | _aWaseem | ||
| 082 |
_a016 _bBAI |
||
| 100 |
_aBaig, Mirza Hamid _914450 |
||
| 245 |
_aMaghrib se Nasri Trajim / _cMirza Hamid Baig |
||
| 260 |
_aIslamabad : _bMuqtadra Qoumi Zaban, _c1988. |
||
| 300 | _a792 p. ; | ||
| 500 | _aHard cover. | ||
| 880 |
_6100-02\r _aمرزا حامد بیگ |
||
| 880 |
_6245-02\r _aمغرب سے نثری تراجم |
||
| 942 |
_2ddc _cBK |
||